The Ghana law reports 1991 volume 2: cases determined by the High Court, the Court of Appeal and the Supreme Court of the republic of Ghana / (Record no. 4099)
[ view plain ]
| 000 -LEADER | |
|---|---|
| fixed length control field | 00849nam a22002417a 4500 |
| 003 - CONTROL NUMBER IDENTIFIER | |
| control field | OSt |
| 005 - DATE AND TIME OF LATEST TRANSACTION | |
| control field | 20230724120925.0 |
| 008 - FIXED-LENGTH DATA ELEMENTS--GENERAL INFORMATION | |
| fixed length control field | 140903b xxu||||| |||| 00| 0 eng d |
| 022 ## - INTERNATIONAL STANDARD SERIAL NUMBER | |
| International Standard Serial Number | 08550832 |
| 040 ## - CATALOGING SOURCE | |
| Transcribing agency | WIUC |
| 050 ## - LIBRARY OF CONGRESS CALL NUMBER | |
| Classification number | KRX19.A3.G34(1991 vol 2) |
| 245 ## - TITLE STATEMENT | |
| Title | The Ghana law reports 1991 volume 2: cases determined by the High Court, the Court of Appeal and the Supreme Court of the republic of Ghana / |
| Statement of responsibility, etc. | edited by D.R.K. Sankah and assisted by L.K. Agbosu and J.K.E. Edzie |
| 250 ## - EDITION STATEMENT | |
| Edition statement | Volume 2 |
| 260 ## - PUBLICATION, DISTRIBUTION, ETC. | |
| Place of publication, distribution, etc. | Accra: |
| Name of publisher, distributor, etc. | Council for law reporting, |
| Date of publication, distribution, etc. | 1995. |
| 300 ## - PHYSICAL DESCRIPTION | |
| Extent | xxxvi, 596p. : |
| Dimensions | 25cm. |
| 440 ## - SERIES STATEMENT/ADDED ENTRY--TITLE | |
| Volume/sequential designation | Vol. 2 |
| 500 ## - GENERAL NOTE | |
| General note | Includes index. |
| 700 ## - ADDED ENTRY--PERSONAL NAME | |
| Personal name | Sankah, D. R. K. |
| 9 (RLIN) | 2129 |
| 700 ## - ADDED ENTRY--PERSONAL NAME | |
| Personal name | Agbosu, L. K. |
| 9 (RLIN) | 2136 |
| 700 ## - ADDED ENTRY--PERSONAL NAME | |
| Personal name | Edzie, J. K. E. |
| 9 (RLIN) | 2130 |
| 800 ## - SERIES ADDED ENTRY--PERSONAL NAME | |
| Personal name | Sankah, D.R.K. |
| -- | Agbosu, L.K. |
| -- | Edzie, J.K.E. |
| 9 (RLIN) | 2132 |
| 942 ## - ADDED ENTRY ELEMENTS (KOHA) | |
| Source of classification or shelving scheme | Library of Congress Classification |
| Koha item type | Books |
| Withdrawn status | Lost status | Source of classification or shelving scheme | Damaged status | Not for loan | Home library | Current library | Shelving location | Date acquired | Full call number | Barcode | Date last seen | Copy number | Price effective from | Koha item type | Total Checkouts |
|---|---|---|---|---|---|---|---|---|---|---|---|---|---|---|---|
| Library of Congress Classification | WISCONSIN INTERNATIONAL UNIVERSITY COLLEGE, GHANA - MAIN LIBRARY | WISCONSIN INTERNATIONAL UNIVERSITY COLLEGE, GHANA - MAIN LIBRARY | Law Library | 03/09/2014 | KRX19.A3.G34(1991 vol 2) | 936/13 | 03/09/2014 | 1 | 03/09/2014 | Books | |||||
| Library of Congress Classification | WISCONSIN INTERNATIONAL UNIVERSITY COLLEGE, GHANA - MAIN LIBRARY | WISCONSIN INTERNATIONAL UNIVERSITY COLLEGE, GHANA - MAIN LIBRARY | Law Library | 03/09/2014 | KRX19.A3.G341(1991 vol 2) | 982/13 | 03/09/2014 | 2 | 03/09/2014 | Books | |||||
| Library of Congress Classification | WISCONSIN INTERNATIONAL UNIVERSITY COLLEGE, GHANA - MAIN LIBRARY | WISCONSIN INTERNATIONAL UNIVERSITY COLLEGE, GHANA - MAIN LIBRARY | Law Library | 24/07/2023 | KRX19.A3.G342(1991 vol 2) | 3205/365/23 | 24/07/2023 | 3 | 24/07/2023 | Books | |||||
| Library of Congress Classification | WISCONSIN INTERNATIONAL UNIVERSITY COLLEGE, GHANA - MAIN LIBRARY | WISCONSIN INTERNATIONAL UNIVERSITY COLLEGE, GHANA - MAIN LIBRARY | Law Library | 18/09/2023 | KRX19.A3.G343(1991 vol 2) | 3273/382/23 | 18/09/2023 | 4 | 18/09/2023 | Books |
